| 000 | 01041nam a2200277 4500 | ||
|---|---|---|---|
| 001 | 35771 | ||
| 003 | BD-RjUL | ||
| 005 | 20211209052357.0 | ||
| 008 | 140609r19521891enk 00000 eng d | ||
| 035 | _a(BD-RjUL)35866 | ||
| 040 |
_dNU _aBD-RjUL _beng _cBD-RjUL |
||
| 041 | _aeng | ||
| 082 | 0 | 4 |
_a943.07 _bMAR 1952 |
| 100 | 1 |
_aMarx, Karl _d1820-1895. _9108963 |
|
| 245 | 1 | 0 |
_aRevolution and counter-revolution, or, Germany in 1848 / _cKarl Marx ; edited by Eleanor Marx Aveling. |
| 260 |
_aLondon : _bAllen and Unwin, _c1891 [Reprinted 1952] |
||
| 300 |
_axi, 148 p. ; _c21 cm. |
||
| 500 | _aReprint. Originally published: 1952. | ||
| 500 | _aThese articles first appeared in the New York Tribune, 1851-52, in a series on which Marx and Engels collaborated. | ||
| 650 | 0 |
_aCommunism _zGermany. _914659 |
|
| 651 | 0 |
_aAustria _xHistory _yRevolution, 1848-1849. _9108964 |
|
| 651 | 0 |
_aGermany _xHistory _yRevolution, 1848-1849. _9108965 |
|
| 700 | 1 |
_aAveling, Eleanor Marx, _d1855-1898. _912241 |
|
| 740 | 0 | _aGermany in 1848. | |
| 942 |
_2ddc _cBK |
||
| 999 |
_c35771 _d35771 |
||